[Event "RUS-chT2"]
[Site "Sochi"]
[Date "2008.04.10"]
[Round "8"]
[White "Glushko, Andrey"]
[Black "Ogloblin, Nikolay"]
[Result "0-1"]
[WhiteElo "2312"]
[BlackElo "2355"]
[PlyCount "110"]
[EventDate "2008.04.03"]
[EventType "team"]
[EventRounds "9"]
[EventCountry "RUS"]
[SourceTitle "CBM 123 Extra"]
[Source "ChessBase"]
[SourceDate "2008.05.06"]
[SourceVersion "1"]
[SourceVersionDate "2008.05.06"]
[SourceQuality "1"]

1. d4 Nf6 2. Nf3 e6 3. c4 b6 4. g3 Ba6 5. b3 d5 6. Bg2 dxc4 7. Ne5 Bb4+ 8. Kf1 Bd6 9. Nxc4 Nd5 10. Bxd5 exd5 11. Nxd6+ Qxd6 12. Kg2 Nc6 13. Re1 Qd7 14. Ba3 h5 15. Nd2 Nxd4 16. Nf3 Ne6 17. Ne5 Qb5 18. Qc2 Bb7 19. Qf5 d4+ 20. Kg1 0-0-0 21. e4 dxe3 22. Rxe3 Qd5 23. Qf3 Nd4 24. Qxd5 Bxd5 25. Rd1 c5 26. Bb2 f6 27. Ng6 Nf3+ 28. Kf1 Bb7 29. Rxd8+ Rxd8 30. Bc3 Nxh2+ 31. Ke1 Bf3 32. Bd2 Bg4 33. Nh4 g5 34. f3 gxh4 35. fxg4 Nxg4 36. Re7 hxg3 37. Bf4 Rd7 38. Re8+ Kb7 39. Bxg3 Rd3 40. Bf4 Rf3 41. Re4 f5 42. Re7+ Kc6 43. Bg5 a6 44. Rh7 Rh3 45. Bf4 Rh1+ 46. Kd2 Kd5 47. Rb7 b5 48. Ra7 Ke4 49. Bb8 h4 50. Re7+ Kf3 51. Rf7 Ne3 52. Kc3 h3 53. Rh7 f4 54. Rh4 b4+ 55. Kb2 Ng2 0-1

[Event "RUS-chT2"]
[Site "Sochi"]
[Date "2008.04.03"]
[Round "1"]
[White "Glushko, Andrey"]
[Black "Potapov, Alexey"]
[Result "0-1"]
[WhiteElo "2312"]
[BlackElo "2320"]
[PlyCount "150"]
[EventDate "2008.04.03"]
[EventType "team"]
[EventRounds "9"]
[EventCountry "RUS"]
[SourceTitle "CBM 123 Extra"]
[Source "ChessBase"]
[SourceDate "2008.05.06"]
[SourceVersion "1"]
[SourceVersionDate "2008.05.06"]
[SourceQuality "1"]

1. d4 Nf6 2. Nf3 g6 3. g3 Bg7 4. Bg2 0-0 5. 0-0 d6 6. Nbd2 c6 7. b3 a5 8. Bb2 a4 9. c4 Qa5 10. Qc2 b5 11. b4 Qa6 12. c5 a3 13. Bc3 Nd5 14. e4 Nxc3 15. Qxc3 Qa4 16. e5 dxc5 17. Qxc5 Na6 18. Qxe7 Qxb4 19. Qh4 f5 20. Rab1 Qa5 21. Ng5 h6 22. Bxc6 Qxd2 23. Nf3 Qxa2 24. Bxa8 g5 25. Nxg5 hxg5 26. Qxg5 b4 27. h4 Qe6 28. h5 Kh7 29. Qe3 Bd7 30. Bb7 Rb8 31. Qf3 Qb6 32. Bd5 Be6 33. Rbc1 Bxd5 34. Qxd5 Rd8 35. Qf7 b3 36. Qg6+ Qxg6 37. hxg6+ Kg8 38. Rc6 Nb4 39. Rc3 Rxd4 40. Rxb3 a2 41. Ra1 Bxe5 42. Rxb4 Rxb4 43. Rxa2 Kg7 44. Ra5 Kf6 45. Ra6+ Ke7 46. Kg2 Rg4 47. Kf3 Bd6 48. Ra7+ Ke6 49. g7 Be5 50. Ra6+ Kf7 51. Ra7+ Kf6 52. Ke2 Bd6 53. Rd7 Be7 54. Kf3 Ke6 55. Rd4 Rxg7 56. g4 Ke5 57. Rf4 fxg4+ 58. Rxg4 Rf7+ 59. Kg3 Bd6 60. Kg2 Bc5 61. f3 Kf5 62. Rc4 Be3 63. Kg3 Rg7+ 64. Rg4 Bf4+ 65. Kh3 Rb7 66. Rh4 Rb1 67. Rh5+ Kg6 68. Ra5 Rg1 69. Kh4 Kf6 70. Ra8 Bd6 71. Ra6 Ke5 72. Ra4 Kf5 73. Ra5+ Be5 74. Kh3 Rg7 75. Ra3 Rg3+ 0-1

[Event "Vladivostok-ch"]
[Site "Vladivostok"]
[Date "2008.03.24"]
[Round "3"]
[White "Vitinik, Mikhail"]
[Black "Glushko, Andrey"]
[Result "0-1"]
[WhiteElo "2329"]
[BlackElo "2312"]
[PlyCount "46"]
[EventDate "2008.03.22"]
[EventType "tourn"]
[EventRounds "7"]
[EventCountry "RUS"]
[EventCategory "4"]
[SourceTitle "EXT 2022"]
[Source "ChessBase"]
[SourceDate "2021.10.06"]
[SourceVersion "1"]
[SourceVersionDate "2021.10.06"]
[SourceQuality "1"]

1. e4 e5 2. Nf3 Nc6 3. Nc3 Nf6 4. d4 exd4 5. Nxd4 Bc5 6. Nxc6 bxc6 7. Bd3 0-0 8. 0-0 h6 9. e5 Nd5 10. Nxd5 cxd5 11. Qf3 Bb7 12. Qg4 Qe7 13. Bxh6 Qxe5 14. Rae1 f5 15. Rxe5 fxg4 16. Rg5 Rf7 17. Rxg4 Raf8 18. Be3 Bd6 19. c3 c5 20. Rd1 Bc6 21. f3 Rb8 22. b3 a5 23. Bc2 Re8 0-1

[Event "Vladivostok-ch"]
[Site "Vladivostok"]
[Date "2008.03.22"]
[Round "1"]
[White "Tsigelnitskiy, Ilusha"]
[Black "Glushko, Andrey"]
[Result "1/2-1/2"]
[WhiteElo "2369"]
[BlackElo "2312"]
[PlyCount "64"]
[EventDate "2008.03.22"]
[EventType "tourn"]
[EventRounds "7"]
[EventCountry "RUS"]
[EventCategory "4"]
[SourceTitle "EXT 2022"]
[Source "ChessBase"]
[SourceDate "2021.10.06"]
[SourceVersion "1"]
[SourceVersionDate "2021.10.06"]
[SourceQuality "1"]

1. e4 e5 2. Nf3 Nc6 3. Nc3 Nf6 4. g3 d6 5. Bg2 Be6 6. h3 Qd7 7. d4 exd4 8. Nxd4 g6 9. Nd5 Bg7 10. Bh6 0-0 11. Nxf6+ Bxf6 12. Nxe6 fxe6 13. Bxf8 Rxf8 14. c3 Kg7 15. 0-0 e5 16. f4 exf4 17. gxf4 Bh4 18. f5 Ne5 19. fxg6 Rxf1+ 20. Qxf1 hxg6 21. Qe2 Qe7 22. Rf1 a6 23. Kh1 Qg5 24. Bf3 Qg3 25. Qg2 Qf4 26. Bg4 Qe3 27. Qe2 Qg3 28. Rg1 Qf4 29. Bc8 Qh6 30. Bxb7 Bf2 31. Qxf2 Qxh3+ 32. Qh2 Qf3+ 1/2-1/2

[Event "Vladivostok op"]
[Site "Vladivostok"]
[Date "2007.06.10"]
[Round "9"]
[White "Kalenchuk, Sergey"]
[Black "Glushko, Andrey"]
[Result "0-1"]
[WhiteElo "2260"]
[BlackElo "2328"]
[PlyCount "66"]
[EventDate "2007.06.02"]
[EventType "swiss"]
[EventRounds "9"]
[EventCountry "RUS"]
[SourceTitle "EXT 2022"]
[Source "ChessBase"]
[SourceDate "2021.10.06"]
[SourceVersion "1"]
[SourceVersionDate "2021.10.06"]
[SourceQuality "1"]

1. d4 d5 2. Nf3 Nf6 3. c4 e6 4. Nc3 Be7 5. Bg5 c6 6. e3 0-0 7. Qc2 Nbd7 8. cxd5 exd5 9. Bd3 Re8 10. h3 Nf8 11. 0-0-0 a5 12. g4 b5 13. Rdg1 a4 14. Bxf6 Bxf6 15. g5 Be7 16. Ne5 Qd6 17. Nxc6 Bd7 18. Nxe7+ Rxe7 19. Kb1 b4 20. Nb5 Bxb5 21. Bxb5 b3 22. Qc6 bxa2+ 23. Kxa2 Qb8 24. Rc1 Rb7 25. Rc5 Ra5 26. Rxd5 Raxb5 27. Rxb5 Rxb5 28. Qc2 Rxg5 29. Rd1 Rb5 30. Rd2 Nd7 31. Qc6 Nf6 32. f3 Nd5 33. Qd7 a3 0-1

[Event "Vladivostok op"]
[Site "Vladivostok"]
[Date "2007.06.08"]
[Round "7"]
[White "Glushko, Andrey"]
[Black "Kosov, Alexey"]
[Result "0-1"]
[WhiteElo "2328"]
[BlackElo "2296"]
[PlyCount "86"]
[EventDate "2007.06.02"]
[EventType "swiss"]
[EventRounds "9"]
[EventCountry "RUS"]
[SourceTitle "EXT 2022"]
[Source "ChessBase"]
[SourceDate "2021.10.06"]
[SourceVersion "1"]
[SourceVersionDate "2021.10.06"]
[SourceQuality "1"]

1. Nf3 Nf6 2. g3 g6 3. Bg2 Bg7 4. 0-0 d6 5. d3 c5 6. e4 Nc6 7. c3 0-0 8. Be3 Ng4 9. Bf4 e5 10. Bg5 f6 11. Bd2 f5 12. exf5 Bxf5 13. Ng5 Kh8 14. Ne4 Qd7 15. f3 Nf6 16. Bg5 Ng8 17. Nbd2 b6 18. c4 d5 19. cxd5 Qxd5 20. g4 Be6 21. Nc4 Qd7 22. Qa4 Rab8 23. Ne3 Qc7 24. Rf2 Nb4 25. Rd2 Ne7 26. a3 Nbd5 27. Nxd5 Nxd5 28. Nc3 Nxc3 29. bxc3 e4 30. Rf1 exf3 31. Bxf3 Bxc3 32. Rc2 Bg7 33. d4 b5 34. Qa6 Bxd4+ 35. Kg2 Bc8 36. Qc6 Qxc6 37. Bxc6 Rxf1 38. Kxf1 Bxg4 39. Kg2 a5 40. Bc1 b4 41. axb4 axb4 42. Bd5 b3 43. Rd2 Kg7 0-1

[Event "RUS-chT2"]
[Site "Sochi"]
[Date "2007.05.04"]
[Round "2"]
[White "Ivanov, Alexey2222"]
[Black "Glushko, Andrey"]
[Result "1-0"]
[WhiteElo "2425"]
[BlackElo "2328"]
[PlyCount "79"]
[EventDate "2007.05.03"]
[EventType "team"]
[EventRounds "9"]
[EventCountry "RUS"]
[SourceTitle "CBM 118 Extra"]
[Source "ChessBase"]
[SourceDate "2007.07.04"]
[SourceVersion "1"]
[SourceVersionDate "2007.07.04"]
[SourceQuality "1"]

1. e4 e5 2. Nf3 Nc6 3. Bb5 Nf6 4. d3 d6 5. c3 Be7 6. 0-0 0-0 7. Re1 Bg4 8. h3 Bh5 9. Nbd2 Nd7 10. Nf1 a6 11. Ba4 Nc5 12. Bc2 Ne6 13. Ng3 Bg6 14. Nf5 Bf6 15. Qe2 Re8 16. b4 Nf4 17. Bxf4 exf4 18. Qd2 d5 19. d4 dxe4 20. Rxe4 Rxe4 21. Bxe4 Bxf5 22. Bxf5 Qd6 23. Re1 Ne7 24. Bc2 c6 25. Bb3 a5 26. bxa5 Rxa5 27. Re4 g5 28. Qe1 Kg7 29. Nd2 Ra8 30. Nc4 Qc7 31. Ne5 Nd5 32. Ng4 Rd8 33. c4 h5 34. Ne5 Ne7 35. Qe2 Nf5 36. Qxh5 Nxd4 37. Ng4 Nf5 38. h4 Qd6 39. c5 Qd7 40. Nxf6 1-0